Statistics for Largest 100 U.S Cities by Size or Population with a Map

Click here to take the quiz!

General Stats

  • This quiz has been taken 166 times
  • The average score is 62 of 100

Answers on the Map

Answers color-coded by a green-red scale on the quiz's map according to % correct below.
 

Answer Stats

Largest Cities by Population% Correct
New York City
98%
Los Angeles
95%
Phoenix
92%
Chicago
91%
Dallas
90%
Houston
89%
Las Vegas
88%
San Antonio
88%
Jacksonville
87%
Anchorage
86%
Austin
86%
Kansas City
86%
San Diego
86%
Oklahoma City
85%
Indianapolis
84%
Nashville
84%
Memphis
83%
San Jose
83%
Columbus (GA)
82%
Columbus (OH)
82%
New Orleans
82%
Albuquerque
81%
Denver
81%
Fort Worth
81%
Juneau
81%
Tucson
80%
Charlotte
78%
El Paso
78%
Virginia Beach
77%
Louisville
76%
Tulsa
75%
Mesa
72%
San Francisco
72%
Philadelphia
61%
Atlanta
59%
Colorado Springs
55%
Lexington
55%
Minneapolis
55%
Washington D.C
54%
Fresno
53%
Miami
48%
Boston
47%
Augusta
44%
Baltimore
44%
Huntsville
44%
Sacramento
43%
Detroit
41%
Raleigh
41%
Scottsdale
39%
Tampa
39%
Norman
38%
Seattle
38%
Chesapeake
37%
Milwaukee
37%
Oakland
35%
Portland
34%
Omaha
31%
Wichita
27%
Sitka
24%
Butte
23%
Long Beach
19%
Arlington
18%
Peoria
18%
Suffolk
17%
Goodyear
12%
Boulder City
11%
Buckeye
11%
Anaconda
10%
Wrangell
5%
California City
2%
Cusseta
2%
Hibbing
2%
Valdez
2%
Preston
1%

Score Distribution

Percentile by Number Answered

Percent of People with Each Score

Your Score History

You have not taken this quiz